000 00306 a2200109 4500
001 ART_30611
005 20260410162002.0
008 260409a
245 1 0 _aLa mediación
100 1 _aGiavarino, Magdalena Beatriz
773 0 _tForo económico
_g- Año II, Nº 3 (nov. 1996)
_wREV30369
999 _c31415
_d31415